| 000 | 00853nam a22002175i 4500 | ||
|---|---|---|---|
| 001 | 54878 | ||
| 003 | ES-MaACL | ||
| 005 | 20231124062956.0 | ||
| 007 | t| | ||
| 008 | 960729s1898 sp |||| | spa d | ||
| 080 | _a821.134.2-31"18" | ||
| 100 | 1 |
_aGanivet, Ángel, _d1865-1898 _953864 |
|
| 245 | 1 | 4 |
_aLos trabajos del infatigable creador Pío Cid / _ccompuesto por Angel Ganivet. |
| 260 |
_aMadrid : _b[s.n.], _c1898 ( _fEst. tip. sucesores de Rivadeneyra) |
||
| 300 |
_a2 v. (287; 323 p.) ; _c21 cm. |
||
| 530 | _aDisponible en formato digital. | ||
| 852 |
_aES-MaACL _jB-5685-86 |
||
| 856 |
_uhttp://hdl.handle.net/10481/19353 _zRepositorio Institucional de la Universidad de Granada _z(v. 1) |
||
| 856 |
_uhttp://hdl.handle.net/10481/19354 _zRepositorio Institucional de la Universidad de Granada _z(v. 2) |
||
| 999 |
_c54878 _d54878 |
||